|
|
|
|
| LEADER |
00954nam a2200229 a 4500 |
| 001 |
11437354 |
| 008 |
090514s1982 enkhr p 0 a0eng d |
| 010 |
|
|
|a \\\94643451
|z sn 87024479
|
| 020 |
|
|
|a 0709903030
|
| 040 |
|
|
|a CSS
|c CSS
|d DNAL
|d NST
|d OCoLC
|d NST
|d DNAL
|d DLC
|d DNAL
|d DLC
|d OCoLC
|d OCoLC
|
| 082 |
0 |
0 |
|a 639/.8
|2 20
|
| 245 |
0 |
0 |
|a Recent advances in aquaculture /
|c edited by James F. Muir and Ronald J. Roberts
|
| 260 |
|
|
|a London :
|b Croom Helm ;
|a Boulder, Colo. :
|b Westview Press,
|c c1982-
|
| 300 |
|
|
|a v. :
|b ill. ;
|c 24 cm.
|
| 362 |
0 |
|
|a [Vol. 1]-
|
| 541 |
1 |
|
|e 00004731
|
| 650 |
|
0 |
|a Aquaculture
|v Periodicals.
|
| 700 |
1 |
|
|a Muir, J. F.
|q (James F.)
|
| 700 |
1 |
|
|a Roberts, Ronald J.,
|d 1941-
|
| 852 |
4 |
|
|a Ayesha Abed Library
|j Generalshelf
|
| 999 |
|
|
|c 708
|d 708
|
| 952 |
|
|
|0 0
|1 0
|2 ddc
|4 0
|6 639_800000000000000_REC_1982
|7 0
|9 651
|a BRACUL
|b BRACUL
|c GEN
|d 2009-05-14
|g 0.00
|l 0
|o 639.8 REC
|p 3010004731
|r 2009-05-14
|t 1
|w 2009-05-14
|y BK
|x No price found in the accession register.
|